| 000 | 00358nam a2200109Ia 4500 | ||
|---|---|---|---|
| 008 | 221009s9999 xx 000 0 und d | ||
| 082 | _a020 | ||
| 100 |
_aRanganathan,S.R. _918072 |
||
| 245 | 4 | _aThe Science and the Profession of Libraries A Visionary's Perspective (A Collcction of 20 Papers) Commemoration Volume | |
| 260 | _bEss Ess Publication | ||
| 942 | _cBK | ||
| 999 |
_c64961 _d64961 |
||